<?xml version="1.0" encoding="UTF-8"?>
<record
    xmlns:xsi="http://www.w3.org/2001/XMLSchema-instance"
    xsi:schemaLocation="http://www.loc.gov/MARC21/slim http://www.loc.gov/standards/marcxml/schema/MARC21slim.xsd"
    xmlns="http://www.loc.gov/MARC21/slim">

  <leader>01201nam a22002057a 4500</leader>
  <controlfield tag="003">LK-CoMWRAF</controlfield>
  <controlfield tag="005">20260225124312.0</controlfield>
  <controlfield tag="008">260225b        |||||||| |||| 00| 0 eng d</controlfield>
  <datafield tag="020" ind1=" " ind2=" ">
    <subfield code="a">9789556250541</subfield>
  </datafield>
  <datafield tag="040" ind1=" " ind2=" ">
    <subfield code="a">LK-CoMWRAF</subfield>
    <subfield code="d">LK-CoMWRAF</subfield>
    <subfield code="e">LK-CoMWRAF</subfield>
  </datafield>
  <datafield tag="041" ind1=" " ind2=" ">
    <subfield code="a">eng</subfield>
  </datafield>
  <datafield tag="082" ind1=" " ind2=" ">
    <subfield code="a">346</subfield>
    <subfield code="b">SIR</subfield>
  </datafield>
  <datafield tag="100" ind1=" " ind2=" ">
    <subfield code="a">&#xB9A;&#xBBF;&#xBB1;&#xBBF;&#xBAA;&#xBBE;&#xBB2;, &#xBA8;&#xBBF;&#xBAE;&#xBB2;&#xBCD;</subfield>
  </datafield>
  <datafield tag="245" ind1=" " ind2=" ">
    <subfield code="a">&#xB87;&#xBB2;&#xB99;&#xBCD;&#xB95;&#xBC8; &#xBAE;&#xBC1;&#xBB8;&#xBCD;&#xBB2;&#xBBF;&#xBAE;&#xBCD;&#xB95;&#xBB3;&#xBBF;&#xBA9;&#xBCD; &#xB9A;&#xBA9;&#xBA4;&#xBCD;&#xBA4;&#xBCA;&#xB95;&#xBC8; &#xB85;&#xBA4;&#xBBF;&#xB95;&#xBB0;&#xBBF;&#xBAA;&#xBCD;&#xBAA;&#xBC1;&#xBAA;&#xBCD; &#xBAA;&#xBB1;&#xBCD;&#xBB1;&#xBBF;&#xBAA;&#xBCD; &#xBAA;&#xBB0;&#xBAA;&#xBCD;&#xBAA;&#xBAA;&#xBCD;&#xBAA;&#xB9F;&#xBCD;&#xB9F;&#xBC1; &#xBB5;&#xBB0;&#xBC1;&#xBAE;&#xBCD; &#xB95;&#xB9F;&#xBCD;&#xB9F;&#xBC1;&#xB95;&#xBCD;&#xB95;&#xBA4;&#xBC8;&#xB95;&#xBB3;&#xBBF;&#xBA9;&#xBCD; &#xBAE;&#xBC1;&#xB9F;&#xBBF;&#xB9A;&#xBCD;&#xB9A;&#xBB5;&#xBBF;&#xBB4;&#xBCD;&#xBA4;&#xBCD;&#xBA4;&#xBB2;&#xBCD;</subfield>
  </datafield>
  <datafield tag="260" ind1=" " ind2=" ">
    <subfield code="a">Colombo :</subfield>
    <subfield code="b">Muslim women's research and action forum</subfield>
  </datafield>
  <datafield tag="650" ind1=" " ind2=" ">
    <subfield code="a">&#xB87;&#xBB2;&#xB99;&#xBCD;&#xB95;&#xBC8; &#xBAE;&#xBC1;&#xBB8;&#xBCD;&#xBB2;&#xBBF;&#xBAE;&#xBCD;&#xB95;&#xBB3;&#xBBF;&#xBA9;&#xBCD; &#xB9A;&#xBA9;&#xBA4;&#xBCD;&#xBA4;&#xBCA;&#xB95;&#xBC8; &#xB85;&#xBA4;&#xBBF;&#xB95;&#xBB0;&#xBBF;&#xBAA;&#xBCD;&#xBAA;&#xBC1;&#xBAA;&#xBCD; &#xBAA;&#xBB1;&#xBCD;&#xBB1;&#xBBF;&#xBAA;&#xBCD; &#xBAA;&#xBB0;&#xBAA;&#xBCD;&#xBAA;&#xBAA;&#xBCD;&#xBAA;&#xB9F;&#xBCD;&#xB9F;&#xBC1; &#xBB5;&#xBB0;&#xBC1;&#xBAE;&#xBCD; &#xB95;&#xB9F;&#xBCD;&#xB9F;&#xBC1;&#xB95;&#xBCD;&#xB95;&#xBA4;&#xBC8;&#xB95;&#xBB3;&#xBA9;&#xBCD; </subfield>
  </datafield>
  <datafield tag="650" ind1=" " ind2=" ">
    <subfield code="a">&#xB87;&#xBB2;&#xB99;&#xBCD;&#xB95;&#xBC8; &#xBAE;&#xBC1;&#xBB8;&#xBCD;&#xBB2;&#xBBF;&#xBAE;&#xBCD;&#xB95;&#xBB3;&#xBBF;&#xBA9;&#xBCD; &#xB9A;&#xBA9;&#xBA4;&#xBCD;&#xBA4;&#xBCA;&#xB95;&#xBC8; &#xB85;&#xBA4;&#xBBF;&#xB95;&#xBB0;&#xBBF;&#xBAA;&#xBCD;&#xBAA;&#xBC1;</subfield>
  </datafield>
  <datafield tag="650" ind1=" " ind2=" ">
    <subfield code="a">&#xB87;&#xBB2;&#xB99;&#xBCD;&#xB95;&#xBC8;&#xBAF;&#xBBF;&#xBB2;&#xBCD; &#xBAE;&#xBC1;&#xBB8;&#xBCD;&#xBB2;&#xBBF;&#xBAE;&#xBCD;&#xB95;&#xBB3;&#xBCD;</subfield>
  </datafield>
  <datafield tag="942" ind1=" " ind2=" ">
    <subfield code="c">BK</subfield>
  </datafield>
  <datafield tag="952" ind1=" " ind2=" ">
    <subfield code="0">0</subfield>
    <subfield code="1">0</subfield>
    <subfield code="4">0</subfield>
    <subfield code="7">0</subfield>
    <subfield code="8">RAFP</subfield>
    <subfield code="a">MAIN</subfield>
    <subfield code="b">MAIN</subfield>
    <subfield code="d">2026-02-25</subfield>
    <subfield code="l">0</subfield>
    <subfield code="o">346 SIR</subfield>
    <subfield code="p">RAF5375</subfield>
    <subfield code="r">2026-02-25</subfield>
    <subfield code="w">2026-02-25</subfield>
    <subfield code="y">BK</subfield>
  </datafield>
  <datafield tag="952" ind1=" " ind2=" ">
    <subfield code="0">0</subfield>
    <subfield code="1">0</subfield>
    <subfield code="4">0</subfield>
    <subfield code="7">0</subfield>
    <subfield code="8">RAFP</subfield>
    <subfield code="a">MAIN</subfield>
    <subfield code="b">MAIN</subfield>
    <subfield code="d">2026-02-25</subfield>
    <subfield code="l">0</subfield>
    <subfield code="o">346 SIR</subfield>
    <subfield code="p">RAF5376</subfield>
    <subfield code="r">2026-02-25</subfield>
    <subfield code="w">2026-02-25</subfield>
    <subfield code="y">BK</subfield>
  </datafield>
  <datafield tag="952" ind1=" " ind2=" ">
    <subfield code="0">0</subfield>
    <subfield code="1">0</subfield>
    <subfield code="4">0</subfield>
    <subfield code="7">0</subfield>
    <subfield code="8">RAFP</subfield>
    <subfield code="a">MAIN</subfield>
    <subfield code="b">MAIN</subfield>
    <subfield code="d">2026-02-25</subfield>
    <subfield code="l">0</subfield>
    <subfield code="o">346 SIR</subfield>
    <subfield code="p">RAF5377</subfield>
    <subfield code="r">2026-02-25</subfield>
    <subfield code="w">2026-02-25</subfield>
    <subfield code="y">BK</subfield>
  </datafield>
  <datafield tag="999" ind1=" " ind2=" ">
    <subfield code="c">4976</subfield>
    <subfield code="d">4976</subfield>
  </datafield>
</record>
